| 000 | 02232nam0a2200409 4500 | ||
|---|---|---|---|
| 001 | RU\NLR\bibl\930500 | ||
| 005 | 20260406065305.0 | ||
| 010 |
_a5-93962-145-7 _9500 |
||
| 021 |
_aRU _b2006-6686 _9318 |
||
| 035 | _a(nilc)RSL-KNO-002838252 | ||
| 035 | _a(NLR Aleph) 000918731 | ||
| 090 |
_a86101 _c86101 |
||
| 100 | _a20060310d2005 |||y0rusy50 ca | ||
| 101 | 0 | _arus | |
| 102 | _aRU | ||
| 105 | _ay ||||||||| | ||
| 106 | _ar | ||
| 200 | 1 |
_aМышление, интеллект, одаренность: вопросы теории и технологии _dThinking, intellect, giftness: problems of theory and technologies _fД. Шакирова, И. Сибгатуллина, Дж. Сулейманов _gпод. ред. М. И. Махмутова _gАкад. наук Респ. Татарстан, Отд-ние социал.-экон. наук |
|
| 210 |
_aКазань _cЦентр инновац. технологий _d2005 |
||
| 215 |
_a304 с. _cил., табл. _d20 |
||
| 300 | _aАвт. также на англ. яз.: D. Shakirova, I. Sibgatullina, Dj. Suleymanov | ||
| 320 | _aБиблиогр. в конце гл. | ||
| 510 | 1 |
_6z20790 _aThinking, intellect, giftness: problems of theory and technologies _zeng |
|
| 606 | 1 |
_aДети _xОдаренность _9944158 _3RU\NLR\auth\66349844 |
|
| 610 | 0 | _aПсихология -- Общая психология -- Психические процессы и состояния -- Познавательные процессы -- Мышление | |
| 686 |
_aЮ935.131,0 _2rubbk |
||
| 686 | _aЮ983.724 | ||
| 700 | 1 |
_4070 _8rus _7ca _aШакирова _bД. М. _f1948- _gДиляра Мансуровна _3RU\NLR\auth\7727275 _910312 |
|
| 701 | 1 |
_4070 _7ca _8rus _aСибгатуллина-Денис _bИ. Ф. _gИрина Фагимовна _9241253 _3RU\NLR\AUTH\770241309 |
|
| 701 | 1 |
_4070 _8rus _7ca _aСулейманов _bД. Ш. _f1955- _gДжавдет Шевкетович _3RU\NLR\auth\7714858 _9124521 |
|
| 790 | 1 |
_4070 _8rus _7ba _aŠakirova _bD.M. _f1948- _gDiljara Mansurovna _3RU\NLR\auth\7737733 _920721 |
|
| 801 | 0 |
_aRU _bРКП _c20060310 _grcr |
|
| 801 | 1 |
_aRU _bРГБ _c20060310 |
|
| 801 | 2 |
_aRU _bNLR _c20060412 _grcr |
|
| 942 | _cBOOK | ||
| 980 | _aNB | ||